000 00394nam a2200169Ia 4500
003 OSt
005 20240212112620.0
008 170523s9999 xx 000 0 und d
020 _a0071135618
040 _cIIMT UNIVERITY, MEERUT
100 _aSTANTON- WILLIAM
245 0 _aFUNDAMENTAL OF MARKETING
250 _a9TH
260 _bMC GRAW HILL
_aNEW DELHI
300 _a668
942 _2ddc
_c02
999 _c273
_d273